|
|
|
|
| LEADER |
01203nam a2200289 a 4500 |
| 001 |
2065736 |
| 008 |
100210s1993 bg b f000 0 eng d |
| 010 |
|
|
|a 93910629
|
| 020 |
|
|
|a 984559025X
|
| 040 |
|
|
|a DLC
|c DLC
|d BD-DhAAL
|
| 082 |
0 |
0 |
|a 338.6420954
|
| 100 |
1 |
|
|a Chowdhury, Pijush Kanti.
|9 59241
|
| 245 |
1 |
0 |
|a Women entrepreneurs of rural industries in some selected areas /
|c Pijush Kanti Chowdhury, Begum Nurun Naher.
|
| 260 |
|
|
|a Kotbari, Comilla :
|b Bangladesh Academy for Rural Development,
|c 1993.
|
| 300 |
|
|
|a 52, [8] pages ;
|c 24 cm.
|
| 504 |
|
|
|a Includes bibliographical references (p. [53]-[54]).
|
| 541 |
|
|
|e 00005268
|
| 650 |
|
0 |
|a Women-owned business enterprises
|z Bangladesh.
|
| 650 |
|
0 |
|a Small business
|z Bangladesh.
|
| 650 |
|
0 |
|a Women
|z Bangladesh
|x Economic conditions.
|
| 650 |
|
0 |
|a Entrepreneurship
|z Bangladesh.
|
| 700 |
1 |
|
|a Naher, Nurun.
|9 59242
|
| 710 |
2 |
|
|a Bangladesh Academy for Rural Development.
|
| 852 |
4 |
|
|a Ayesha Abed Library
|j General shelf
|
| 942 |
|
|
|2 ddc
|c BK
|
| 999 |
|
|
|c 7482
|d 7482
|
| 952 |
|
|
|0 0
|1 0
|2 ddc
|4 0
|6 338_642095400000000_CHO
|7 0
|9 8047
|a BRACUL
|b BRACUL
|c GEN
|d 2010-02-11
|g 50.00
|l 0
|o 338.6420954 CHO
|p 3010005268
|r 2010-02-11
|t 1
|w 2010-02-11
|y BK
|z Not price in Register
|